|
|
|
|
| LEADER |
00000cam a2200000 a 4500 |
| 001 |
vtls008993702 |
| 003 |
SK-MaSNL |
| 005 |
20260301210302.0 |
| 008 |
240315s2007 xo g 000 f slo |
| 015 |
|
|
|a SNBA2007/10-04993
|
| 020 |
|
|
|a 9788080851750
|q (viaz.)
|
| 035 |
|
|
|a 317FE728-1DF4-4A62-A371-936C6FA132C3
|
| 035 |
|
|
|a urn:nbn:sk:snk-amlafh
|
| 035 |
|
|
|a urn:nbn:sk:snk-am0093b5
|
| 040 |
|
|
|a SNK
|b slo
|c SNK
|e AACR2
|
| 041 |
1 |
|
|a slo
|h chi
|
| 044 |
|
|
|a xo
|c SK
|
| 072 |
|
7 |
|a 821.58
|x Sino-tibetské literatúry
|2 konspekt
|
| 080 |
|
|
|a 821.581-32
|2 2001
|
| 080 |
|
|
|a 221
|2 2001
|
| 100 |
1 |
|
|a Su, Tong,
|d 1963-
|4 aut
|9 593569
|
| 245 |
1 |
0 |
|a Slzy nefritovej ženy
|b (mýtus o žene, ktorá slzami zborila Dlhý múr)
|c Su Tchung ; [z čínskeho originálu preložila Henrieta Hatalová]
|
| 250 |
|
|
|a [1. vyd.]
|
| 260 |
|
|
|a Bratislava
|b Slovart
|c 2007
|
| 300 |
|
|
|a 372 s.
|c 22 cm
|
| 490 |
1 |
|
|a Svetové mýty
|
| 650 |
0 |
7 |
|a čínska mytológia
|2 SNKPH
|9 82404
|
| 655 |
|
7 |
|a čínske novely
|2 SNKPH
|9 302836
|
| 700 |
1 |
|
|a Hatalová, Henrieta,
|d 1959-
|4 trl
|9 217148
|
| 830 |
|
0 |
|a Svetové mýty
|9 593570
|
| 919 |
|
|
|a 978-80-8085-175-0
|
| 958 |
|
|
|a UP
|
| 958 |
|
|
|a LX
|
| 968 |
|
|
|b CH
|d 821
|
| 999 |
|
|
|c 913095
|d 915025
|
| 952 |
|
|
|a SNK
|b SNK
|y PREZ
|7 0
|p 17A0555271
|o snkSC 128637
|i snk2007/16664
|8 0
|0 0
|1 0
|4 0
|d 2007-07-03
|f 1
|l 0
|r 2025-06-17 00:00:00
|w 2026-02-24
|
| 952 |
|
|
|a SNK
|b SNK
|y PREZ
|7 0
|p 17A0555270
|o snkSC 128637 D1
|i snk2007/16665
|8 0
|0 0
|1 0
|4 0
|d 2007-07-03
|l 0
|r 2026-02-24 07:49:51
|w 2026-02-24
|